000 00612nam a2200193Ia 4500
005 20250508163304.0
008 008 250505s9999 xx 000 0 eng d
037 _aTheses
040 _aFEDL
_beng
_cFEDL
041 _aeng
_2eng
084 _a370, RAI/TH
_qFEDL
100 _aRaina Usha
245 0 _aCreative perception, dogmatism, syllabus boundness/syllabus freedom orientation and parent-child relationship in graduate science students
260 _c1984
300 _a211p.
546 _aPh. D. Thesis, (Rajasthan University)
942 _cTH
_h370, RAI/TH
999 _c1382057
_d1382057